Những mẩu chuyện lịch sử thế giới Tập 2

Sách giới thiệu đến các bạn các sự kiện lịch sử thế giới từ cuộc Cách Mạng Tư Sản Anh (thế kỷ 17) đến sự hình thành thế giới mới sau Thế chiến thứ II và sự hình thành các tổ chức, các khối đa quốc gia....

Ful tanımlama

Kaydedildi:
Detaylı Bibliyografya
Yazar: Đặng Đức An (Chủ biên)
Diğer Yazarlar: Lại Bích Ngọc (Sưu tầm và tuyển chọn), Đặng Thanh Tịnh (Sưu tầm và tuyển chọn), Đặng Thanh Toán (Sưu tầm và tuyển chọn)
Materyal Türü: Kitap
Dil:Vietnamese
Baskı/Yayın Bilgisi: H. Giáo dục Việt Nam 2012
Edisyon:Tái bản lần thứ 6
Konular:
Etiketler: Etiketle
Etiket eklenmemiş, İlk siz ekleyin!
Thư viện lưu trữ: Thư viện Trường Đại học Nam Cần Thơ
LEADER 01525nam a22002537a 4500
001 NCT_55222
008 181109b xxu||||| |||| 00| 0 vie d
999 |c 2658  |d 2658 
020 |c 45000 
082 0 4 |2 23rd ed.  |a 909  |b A105/T.2 
100 1 |a Đặng Đức An  |e Chủ biên 
245 1 0 |a Những mẩu chuyện lịch sử thế giới  |n Tập 2  |c Đặng Đức Anh (chủ biên)  
250 |a Tái bản lần thứ 6 
260 |a H.  |b Giáo dục Việt Nam  |c 2012 
300 |a 303 tr.  |c 21cm 
520 3 |a Sách giới thiệu đến các bạn các sự kiện lịch sử thế giới từ cuộc Cách Mạng Tư Sản Anh (thế kỷ 17) đến sự hình thành thế giới mới sau Thế chiến thứ II và sự hình thành các tổ chức, các khối đa quốc gia. 
653 |a Sách tham khảo 
700 1 |a Lại Bích Ngọc  |e Sưu tầm và tuyển chọn 
700 1 |a Đặng Thanh Tịnh  |e Sưu tầm và tuyển chọn 
700 1 |a Đặng Thanh Toán  |e Sưu tầm và tuyển chọn 
942 |2 ddc  |c BK 
952 |0 0  |1 0  |2 ddc  |4 0  |6 909_000000000000000_A105_T_2  |7 0  |9 14859  |a 000001  |b 000001  |d 2018-11-09  |o 909 A105/T.2  |p TK.00473  |r 2018-11-09  |v 45000.00  |w 2018-11-09  |y BK 
952 |0 0  |1 0  |2 ddc  |4 0  |6 909_000000000000000_A105_T_2  |7 0  |9 14860  |a 000001  |b 000001  |d 2018-11-09  |o 909 A105/T.2  |p TK.00474  |r 2018-11-09  |v 45000.00  |w 2018-11-09  |y BK 
980 |a Thư viện Trường Đại học Nam Cần Thơ